Państwa graniczące z Rosją - Statystyki

Ogólne statystyki
  • Ten quiz został rozwiązany 27 razy
  • Średni wynik to 13 z 14
Statystyki odpowiedzi
Państwo % Poprawnych
Litwa
100%
Polska
100%
Chiny
96%
Estonia
96%
Finlandia
96%
Kazachstan
92%
Łotwa
92%
Białoruś
88%
Gruzja
88%
Mongolia
88%
Ukraina
88%
Azerbejdżan
84%
Korea Północna
80%
Norwegia
68%
Nie znaleziono quizów pasujących do podanych kryteriów
Rozkład punktacji
Procent ludzi z każdym wynikiem
Percentyl według liczby udzielonych odpowiedzi
Twoja historia wyników
Nie rozwiązałeś tego quizu